000 00463nam a2200157 a 4500
005 20140412111341.0
008 031016s19uu xx 00 eng d
050 _aM 600
_bSi41 19_?
245 _aSimple science feeding.
260 _aTokyo :
_bFroebel-kan Co., Ltd,
_c[n.d.]
300 _a[16] p. ; ill.
650 _aScience--Juvenile literature
650 _aAnimals--Juvenile literature
650 _aSimple machines--Juvenile literature
999 _c105125
_d105125